| 000 -ლიდერი |
| ფიქსირებული სიგრძის საკონტროლო ველი |
01123nam a2200217Ia 4500 |
| 001 - საკონტროლო ნომერი |
| საკონტროლო ველი |
6804 |
| 003 - საკონტროლო ნომრის იდენტიფიკატორი |
| საკონტროლო ველი |
GE_BSU |
| 005 - ბოლო ოპერაციის თარიღი და დრო |
| საკონტროლო ველი |
20190628163500.0 |
| 008 - ფიქსირებული სიგრძის მონაცემთა ელემენტები - ზოგადი ინფორმაცია |
| ფიქსირებული სიგრძის საკონტროლო ველი |
181216s1983|||| |||||||||||||| ||geo|| |
| 041 ## - ენის კოდი |
| Language code of text/sound track or separate title |
geo |
| 080 ## - უნივერსალური ათობითი კლასიფიკაციის ინდექსი |
| Universal Decimal Classification number |
621.01+006+681+620 მ-80 |
| 100 ## - მთავარი ჩანაწერი - პიროვნების სახელი |
| Personal name |
მორბედაძე ,მ. |
| 9 (RLIN) |
3071 |
| 245 ## - ცნობა სათაურის შესახებ |
| Title |
ურთიერთშეცვლადობა, სტანდარტიზაცია და ტექნიკური გაზომვები : ნაწ.II. |
| Remainder of title |
დამხმ. სახელმძღ. / |
| Statement of responsibility, etc |
მ.მორბედაძე ; ,კ. ნუცუბიძე ; რ. ბოკერია. |
| 264 ## - წარმოების, გამოცემის, დისტრიბუციის და სხვა ცნობები |
| გამოცემის, წარმოების, დისტრიბუციის... ადგილი |
თბილისი : |
| გამოცემის, წარმოების, დისტრიბუციის... სახელწოდება |
ცოდნა, |
| გამოცემის, წარმოების, დისტრიბუციის... თარიღი |
1983. |
| 300 ## - ფიზიკური აღწერა |
| Extent |
90 გვ .: |
| Dimensions |
20 სმ |
| 653 ## - INDEX TERM--UNCONTROLLED |
| Uncontrolled term |
ურთიერთშეცვლადობა, სტანდარტიზაცია და ტექნიკური გაზომვები |
| 700 ## - ADDED ENTRY--PERSONAL NAME |
| Personal name |
ნუცუბიძე, კ |
| 9 (RLIN) |
3072 |
| 700 ## - ADDED ENTRY--PERSONAL NAME |
| Personal name |
ბოკერია, რ |
| 9 (RLIN) |
3073 |
| 700 ## - ADDED ENTRY--PERSONAL NAME |
| Personal name |
ძიძიგური, მ |
| Relator term |
რედაქტორი |
| 9 (RLIN) |
472 |
| 942 ## - ADDED ENTRY ELEMENTS (KOHA) |
| Koha item type |
წიგნი |
| Source of classification or shelving scheme |
|